[Event "GER-ch U10"]
[Site "Willingen"]
[Date "2023.06.03"]
[Round "11"]
[White "Steinbrenner, Peter"]
[Black "Hagn, Tobias"]
[Result "1/2-1/2"]
[WhiteElo "1601"]
[BlackElo "1609"]
[PlyCount "87"]
[EventDate "2023.05.27"]
[EventType "swiss"]
[EventRounds "11"]
[EventCountry "GER"]
[SourceTitle "CBM 214 Extra"]
[Source "ChessBase"]
[SourceDate "2023.07.31"]
[SourceVersion "1"]
[SourceVersionDate "2023.07.31"]
[SourceQuality "1"]

1. e4 e5 2. Nf3 Nc6 3. Bb5 a6 4. Ba4 Bc5 5. 0-0 d6 6. c3 b5 7. Bc2 Bg4 8. Re1 Nf6 9. h3 Bh5 10. d3 h6 11. Nbd2 Qd7 12. Nf1 0-0 13. Ng3 Rae8 14. Nxh5 Nxh5 15. Nh4 Nf6 16. Nf5 Ne7 17. Ng3 Nh7 18. d4 exd4 19. cxd4 Bb6 20. Be3 d5 21. e5 f6 22. Qd3 f5 23. f4 g6 24. Rf1 Rf7 25. Ne2 Nf8 26. Rf3 Ne6 27. Rg3 Rg7 28. b4 c6 29. Qd2 Kh7 30. h4 h5 31. Kh2 Ng8 32. Rh1 Nh6 33. Kg1 Nf8 34. Kf1 Qe6 35. Ng1 Rge7 36. Nf3 Nf7 37. Rhh3 Nd7 38. Ng5+ Nxg5 39. hxg5 Kg7 40. Rh1 Rh8 41. Rgh3 Ree8 42. Ke2 Rc8 43. a3 Ra8 44. Bf2 1/2-1/2

[Event "GER-ch U10"]
[Site "Willingen"]
[Date "2023.06.02"]
[Round "9"]
[White "Hagn, Tobias"]
[Black "Naumann, Lennart"]
[Result "1-0"]
[WhiteElo "1609"]
[BlackElo "1537"]
[PlyCount "68"]
[EventDate "2023.05.27"]
[EventType "swiss"]
[EventRounds "11"]
[EventCountry "GER"]
[SourceTitle "CBM 214 Extra"]
[Source "ChessBase"]
[SourceDate "2023.07.31"]
[SourceVersion "1"]
[SourceVersionDate "2023.07.31"]
[SourceQuality "1"]

1. d4 Nf6 2. Nc3 e6 3. e4 Bb4 4. Bd3 c5 5. Nge2 Nc6 6. Be3 d5 7. e5 Ng4 8. Bf4 c4 9. Ng3 Nxf2 10. Kxf2 cxd3 11. Qxd3 b6 12. Rhf1 Nxd4 13. Be3 Nc6 14. Kg1 d4 15. Qe4 Bd7 16. Nh5 Bf8 17. Qg4 Qe7 18. Bg5 Nxe5 19. Qf4 Ng6 20. Qf3 Qxg5 21. Qxa8+ Ke7 22. Qb8 dxc3 23. Ng3 Nh4 24. Rad1 Qc5+ 25. Kh1 Qc6 26. Rf2 f5 27. bxc3 Qc5 28. Qf4 Ng6 29. Qg5+ Ke8 30. Rfd2 Be7 31. Qh5 Bc6 32. Qe2 Nf4 33. Qf1 Qxc3 34. Qxf4 h6 1-0

[Event "GER-ch U10"]
[Site "Willingen"]
[Date "2023.05.31"]
[Round "7"]
[White "Hagn, Tobias"]
[Black "Pflugbeil, Julian"]
[Result "1-0"]
[WhiteElo "1609"]
[BlackElo "1242"]
[PlyCount "51"]
[EventDate "2023.05.27"]
[EventType "swiss"]
[EventRounds "11"]
[EventCountry "GER"]
[SourceTitle "CBM 214 Extra"]
[Source "ChessBase"]
[SourceDate "2023.07.31"]
[SourceVersion "1"]
[SourceVersionDate "2023.07.31"]
[SourceQuality "1"]

1. e4 d6 2. d4 Nf6 3. Nc3 g6 4. Be3 Bg7 5. Qd2 Ng4 6. Bg5 h6 7. Bh4 g5 8. Bg3 f5 9. f3 Nf6 10. 0-0-0 c6 11. Bc4 b5 12. Bb3 a5 13. a4 b4 14. Nce2 Na6 15. Qd3 f4 16. Bf2 Rf8 17. e5 Nd5 18. Qg6+ Rf7 19. e6 Bxe6 20. Qxe6 Nac7 21. Qg6 Qd7 22. h4 Ne6 23. hxg5 Nf8 24. Qd3 hxg5 25. Nh3 Bh6 26. Nhxf4 1-0

[Event "GER-ch U10"]
[Site "Willingen"]
[Date "2023.05.31"]
[Round "6"]
[White "Retzlaff, Nick"]
[Black "Hagn, Tobias"]
[Result "1-0"]
[WhiteElo "1523"]
[BlackElo "1609"]
[PlyCount "81"]
[EventDate "2023.05.27"]
[EventType "swiss"]
[EventRounds "11"]
[EventCountry "GER"]
[SourceTitle "CBM 214 Extra"]
[Source "ChessBase"]
[SourceDate "2023.07.31"]
[SourceVersion "1"]
[SourceVersionDate "2023.07.31"]
[SourceQuality "1"]

1. e4 e5 2. Nf3 Nc6 3. Bb5 a6 4. Ba4 Nf6 5. 0-0 d6 6. Re1 b5 7. Bb3 Bg4 8. c3 Be7 9. h3 Bh5 10. d3 Na5 11. Bc2 c5 12. Nbd2 0-0 13. Nf1 d5 14. g4 Nxg4 15. hxg4 Bxg4 16. Ne3 Bxf3 17. Qxf3 d4 18. cxd4 cxd4 19. Nf5 Bg5 20. Qg3 h6 21. Qxe5 Qf6 22. Qxd4 Qg6 23. Bxg5 Qxg5+ 24. Kf1 Nc6 25. Qe3 Qh5 26. Qg3 Qg6 27. Re3 Qf6 28. Rb1 Ne5 29. Ke2 Rac8 30. Bb3 Rfe8 31. Rg1 g5 32. f4 Nxd3 33. Rxd3 Rxe4+ 34. Ne3 Rxf4 35. Rd2 Re8 36. Kd1 Rfe4 37. Nd5 Qc6 38. Rf1 R8e6 39. Qf3 Qd7 40. Nf6+ Rxf6 41. Rxd7 1-0

[Event "GER-ch U10"]
[Site "Willingen"]
[Date "2022.06.09"]
[Round "8"]
[White "Moskalenko, Michael"]
[Black "Hagn, Tobias"]
[Result "1/2-1/2"]
[WhiteElo "1266"]
[BlackElo "1337"]
[PlyCount "110"]
[EventDate "2022.06.04"]
[EventType "swiss"]
[EventRounds "11"]
[EventCountry "GER"]
[SourceTitle "CBM 208 Extra"]
[Source "ChessBase"]
[SourceDate "2022.07.31"]
[SourceVersion "1"]
[SourceVersionDate "2022.07.31"]
[SourceQuality "1"]

1. d4 d5 2. c4 c6 3. Nf3 Nf6 4. Nc3 dxc4 5. a4 Bf5 6. e3 e6 7. Bxc4 Bb4 8. 0-0 0-0 9. Qe2 Nbd7 10. e4 Bg4 11. e5 Nd5 12. Nxd5 cxd5 13. Bd3 Qb6 14. Bxh7+ Kh8 15. Bd3 f6 16. h3 Bh5 17. Re1 Bxe1 18. Qxe1 Bxf3 19. gxf3 Qxd4 20. Qe2 Nxe5 21. Bc2 Qc4 22. Qd1 Nxf3+ 23. Qxf3 Qxc2 24. Qh5+ Qh7 25. Qg4 Rae8 26. Be3 a6 27. Rc1 f5 28. Qg3 e5 29. Qg2 f4 30. Bd2 f3 31. Qg3 d4 32. Rc7 e4 33. Bf4 Rxf4 34. Qxf4 Qxh3 35. Qg5 Qg2+ 36. Qxg2 fxg2 37. Kxg2 e3 38. fxe3 dxe3 39. Kf1 e2+ 40. Ke1 Kh7 41. Rxb7 Kh6 42. Rd7 Kh5 43. Rxg7 Rb8 44. Rg2 Rxb2 45. Rxe2 Rb1+ 46. Kf2 Ra1 47. Re5+ Kg4 48. Ra5 Kf4 49. Rxa6 Ra2+ 50. Ke1 Ke3 51. Re6+ Kd4 52. Rd6+ Kc5 53. Ra6 Kb4 54. Kd1 Rxa4 55. Rxa4+ Kxa4 1/2-1/2